| 000 | 00970nam a2200301Ia 4500 | ||
|---|---|---|---|
| 001 | Para_5662 | ||
| 003 | CHAP | ||
| 008 | 220125s1971 xx 000 0 und d | ||
| 010 | _a204092 | ||
| 040 | _cCHAP | ||
| 090 | _aPA TESIS 14 | ||
| 100 |
_aAlvarez Acosta, Alejandro _9170103 |
||
| 245 |
_aComentarios a la campaña contra el guano rosado en el Valle de Mexicali, B.C. y San Luis Río Colorado, Sonora / _c por Alejandro Alvarez Acosta |
||
| 260 |
_aChihuahua, Chih. : _b el autor |
||
| 300 | _a29 h. | ||
| 502 | _aTesis (Ing. Agr. Esp. en Parasitología Agrícola). UACh (Chih.) | ||
| 650 |
_aAlgodón _x Mexicali _x Plagas _9170104 |
||
| 650 |
_aAlgodón _x Sonora _x plagas _9170105 |
||
| 650 |
_aGusano rosado _951563 |
||
| 710 |
_aUACh. (Chih.) _9170106 |
||
| 901 | _aPA TESIS 14 | ||
| 902 | _aA | ||
| 905 | _a0000001971 0000000000 00 | ||
| 910 | _a1971 | ||
| 942 | _cPARA | ||
| 942 |
_cPARA _d1 |
||
| 999 |
_c204092 _d204092 |
||